01427nam0a22002411 4500001001100000005001700011035002600028100004100054101001300095102000700108105001800115200045100133210012500584215005100709300011000760700004100870702003200911702011900943702006501062801001801127801002201145852001801167rc\269068920250623162501.0 a(NLR Aleph) 006818979 a20110915d1933 |||y0rusy50 ca1 aruscger aRU aae z |||||1 aФизиология растений, как теория садоводстваfД-р Ганс Молиш проф. и дир. Ин-та физиологии растений при Венск. ун-теgПер. с 6 нем. изд. учен. спец. Всес. ин-та растениеводства И. В. Красовской, И. И. ТумановаgПод ред. Т. А. Красносельской-Максимовой aМоскваaЛенинградcСельхозгизd1933eЛенинградgтип. им. Володарского aПереплет, 344 с.cил.d23х15 см. aНа обороте тит. л.: "Pflanzenphysiologie als theorie der gartnerei. Von dr. Hans Molisch..." 1aМолишbГ.f1856-1937gГанс 1aТумановbИ.И.4730 147307ca8rusaКрасовскаяbИ. В.f1896-1956gИрина Владимировна3RU\NLR\AUTH\770202167 1aКрасносельская-МаксимоваbТ.А.4340 0aRUbNLRgpsbo 1aRUbELAR2rusmarc aNLRj33-4/260